Globálne trendy vo fúziách a akvizíciách a ich vplyv na kapitalizáciu firiem

Fúzie a akvizície - často používané techniky, ktoré prevládajú vo vytváraní moderných obchodných partnerstiev. Charakteristika fúzie a akvizície. Rozlišovanie fúzií a akvizícií. Nastávajúce trendy v globálnej ekonomike týkajúce sa kapitálovej hodnoty spoločnosti.

Salvato in:
Dettagli Bibliografici
Autore principale: Thomas, Róbert
Natura: Capitolo di libro
Lingua:slovacco
Soggetti:
Tags: Aggiungi Tag
Nessun Tag, puoi essere il primo ad aggiungerne!!

MARC

LEADER 00000nla$a2200000$$$4500
001 0112261
005 20240502072239.4
041 0 |a slo 
044 |a SK 
245 1 0 |a Globálne trendy vo fúziách a akvizíciách a ich vplyv na kapitalizáciu firiem  |c Róbert Thomas 
520 |a Fúzie a akvizície - často používané techniky, ktoré prevládajú vo vytváraní moderných obchodných partnerstiev. Charakteristika fúzie a akvizície. Rozlišovanie fúzií a akvizícií. Nastávajúce trendy v globálnej ekonomike týkajúce sa kapitálovej hodnoty spoločnosti. 
610 2 0 |a fúzie 
610 2 0 |a akvizícia 
610 2 0 |a podnik 
610 2 0 |a kapitalizácia 
610 2 0 |a financie 
100 1 |a Thomas, Róbert